000 00740nam a22002177a 4500
999 _c4305
_d4305
003 AR-CdUCM
008 190308b ||||| |||| 00| 0 spa d
040 _aMUNICIPALIDAD PROVINCIAL DEL CUSCO
_cBIBLIOTECA MUNICIPAL DEL CUSCO
082 _a869.56 /
_bG26
100 _aGarcía Rosales, Gerardo
_913606
245 _aFlorecimientos
260 _aPerú :
_bVídeo impres,
_c1990.
300 _a72 paginas ;
_c19 cm.
505 _aContenido : El hongo Teodoro -- Huguito el grillo cri cri -- La libelula bailarina -- El astronauta peregil ...
650 _aPoesía infantil
_95555
650 _aPoesía peruana
_911982
650 _aLiteratura latinoamericana
_91143
710 _aConcytec
_92809
942 _2ddc
_cLIBROS
945 _arah